Menéndez y Pelayo y el códice florentino de las Cantigas de Santa María de Alfonso X el Sabio / (Record no. 63052)

MARC details
000 -LEADER
campo de control de longitud fija 00808nam a2200205 i 4500
001 - NÚMERO DE CONTROL
campo de control 63052
003 - IDENTIFICADOR DE NÚMERO DE CONTROL
campo de control ES-MaACL
005 - FECHA Y HORA DE LA ÚLTIMA TRANSACCIÓN
campo de control 20260301183329.0
007 - CAMPO FIJO DE DESCRIPCIÓN FÍSICA--INFORMACIÓN GENERAL
campo de control de longitud fija t|
008 - DATOS DE LONGITUD FIJA--INFORMACIÓN GENERAL
campo de control de longitud fija 031128s1956 sp |||| | spa d
100 1# - ENTRADA PRINCIPAL--NOMBRE DE PERSONA
Nombre de persona Fernández Pousa, Ramón
9 (RLIN) 50010
245 10 - MENCIÓN DEL TÍTULO
Título Menéndez y Pelayo y el códice florentino de las Cantigas de Santa María de Alfonso X el Sabio /
Mención de responsabilidad, etc. por Ramón Fernández Pousa.
260 ## - PUBLICACIÓN, DISTRIBUCIÓN, ETC.
Lugar de publicación, distribución, etc. [Madrid :
Nombre del editor, distribuidor, etc. s.n.,
Fecha de publicación, distribución, etc. 1956]
300 ## - DESCRIPCIÓN FÍSICA
Extensión 11 h. ;
Dimensiones 24 cm.
595 ## -
-- Separata de: Revista de archivos, bibliotecas y museos, t. 62, n. 1, 1956.
600 14 - PUNTO DE ACCESO ADICIONAL DE MATERIA--NOMBRE DE PERSONA
Nombre de persona Menéndez y Pelayo, Marcelino,
Fechas asociadas al nombre 1856-1912-
Subdivisión general Crítica e interpretación
9 (RLIN) 80334
600 07 - PUNTO DE ACCESO ADICIONAL DE MATERIA--NOMBRE DE PERSONA
Nombre de persona Alfonso
Numeración X,
Títulos y otros términos asociados al nombre Rey de Castilla.
Título de la obra Cantigas de Santa María
Fuente del encabezamiento o término
9 (RLIN) 153717
852 ## - LOCALIZACIÓN
Ubicación ES-MaACL
Número de control de estantería 1985-F-23
Holdings
Estatus retirado Estado de pérdida Estado de daño No para préstamo Colección Biblioteca de origen Biblioteca actual Ubicación en estantería Fecha de adquisición Fuente de adquisición Total de préstamos Signatura topográfica completa Código de barras Visto por última vez Precio de reemplazo Tipo de ítem Koha
        Colección de folletos Biblioteca del Ateneo de Madrid Biblioteca del Ateneo de Madrid Depósito folletos 17/01/2008     1985-F-23 1066100 23/02/2023 23/02/2023 Folleto